| 000 | 00786nam a22002777a 4500 | ||
|---|---|---|---|
| 001 | 200460992 | ||
| 003 | TR-AnTOB | ||
| 005 | 20240611164559.0 | ||
| 008 | 240611b tu ||||| |||| 00| 0 tur d | ||
| 020 | _a9786054806157 | ||
| 040 |
_aTR-AnTOB _beng _erda _cTR-AnTOB |
||
| 041 |
_atur _beng |
||
| 092 |
_a372.412 _bSİM 2022 |
||
| 100 | _qSimpson, David | ||
| 245 |
_aPuanlı zebra Ponti/ _cDavid Simpson ; çeviren : Serap Ergel |
||
| 250 | _a17.bs | ||
| 260 |
_aİstanbul : _bYeşil Dinozor ; _c2023. |
||
| 300 |
_a28 Pages. : _bill. ; _c26 cm. |
||
| 336 |
_atext _btxt _2rdacontent |
||
| 337 |
_aunmediated _bn _2rdamedia |
||
| 338 |
_avolume _bnc _2rdacarrier |
||
| 653 | _aÇocuk kitabı | ||
| 942 |
_2ddc _cBK |
||
| 999 |
_c200460992 _d79204 |
||